| 000 | 00448nam a2200157Ia 4500 | ||
|---|---|---|---|
| 008 | 230917s9999||||xx |||||||||||||| ||und|| | ||
| 020 | _cRS250 | ||
| 040 |
_e23716 _aMAIN |
||
| 041 | _aEnglish | ||
| 082 | _a-1BP 95.003 | ||
| 100 | _acal schoolCampagno | ||
| 245 | 0 | _aै Criticisms of classical political economy: Menger, Austrian economics and the German histori | |
| 260 |
_alo, Gi _bllesLondo _cnRou |
||
| 300 | _atledge201 p. | ||
| 942 | _cBK | ||
| 999 |
_c70127 _d70127 |
||